| 000 | 00619nam a22002057a 4500 | ||
|---|---|---|---|
| 999 |
_c6511 _d6511 |
||
| 003 | OSt | ||
| 005 | 20200129112914.0 | ||
| 008 | 200129b ||||| |||| 00| 0 eng d | ||
| 020 | _a155587777x | ||
| 040 | _c040a | ||
| 082 |
_a371.82268 _bWOM 1992 |
||
| 245 |
_aWomen and education in Latin America : _bknowledge,power and change / _cNelly P. Stromquist |
||
| 260 |
_aBoulder _bLynne Rienner Publishers _c1992 |
||
| 300 |
_ax, 310p; _bill : _c12 cm |
||
| 504 | _aIncludes bibliographical references and index | ||
| 650 | _2Women | ||
| 650 | _2Education | ||
| 700 |
_aStromquist, Nelly P. _913374 |
||
| 942 |
_2ddc _cO_SHELF |
||